Matrix groups
Saved in:
| Main Author: | |
|---|---|
| Format: | Book |
| Language: | English |
| Published: |
New York :
Springer-Verlag,
c1984
|
| Edition: | 2η εκδ. |
| Series: | Universitext
|
| Subjects: | |
| Tags: |
Add Tag
No Tags, Be the first to tag this record!
|
MARC
| LEADER | 00000nam a2200000 i 4500 | ||
|---|---|---|---|
| 001 | 1/52497 | ||
| 008 | 070824s1984 eng d | ||
| 020 | |a 0-387-96074-0 | ||
| 035 | |l 10090019 | ||
| 040 | |a GR-MY-UA |b gre |e aacr | ||
| 041 | 0 | |a eng | |
| 082 | 0 | |a 521.22 |2 (22) | |
| 100 | 1 | |a Curtis, Morton Landers |d 1921- | |
| 245 | 1 | 0 | |a Matrix groups / |c Morton L. Curtis |
| 250 | |a 2η εκδ. | ||
| 260 | |a New York : |b Springer-Verlag, |c c1984 | ||
| 300 | |a x, 209 σ.; |c 24 εκ. | ||
| 490 | 1 | |a Universitext | |
| 504 | |a Περιλαμβάνει βιβλιογραφια: σ. [203] και ευρετήριο. | ||
| 650 | 0 | 0 | |a Matrix groups. |
| 830 | 0 | |a Universitext | |
| 852 | |a INST |b SAMOS |e 20070824 |h 512.22 CUR |p 005300028494 |q 005300028494 |t BK |y 0 | ||
| 901 | |a BIBL3-2007-2 | ||
| 909 | |a Σ |b 137082 | ||
| 922 | |a 3ΕΛΗ |b 200707 |c ΕΠΕΑΕΚ2/ΤΜΗΜΑ ΜΑΘΗΜΑΤΙΚΩΝ |d ΠΑΠΑΣΩΤΗΡΙΟΥ | ||
| 970 | |a ΣΙΤΖΙΜΗ |b ΓΙΑΣΕΜΗ |z 2007/08/24 | ||